000 00883nam a22002417a 4500
999 _c10136
_d10136
003 AR-CdUCM
008 190329b ||||| |||| 00| 0 spa d
040 _aMUNICIPALIDAD PROVINCIAL DEL CUSCO
_cBIBLIOTECA MUNICIPAL DEL CUSCO
041 _hfr
082 _aEP / 800 /
_bV52
100 _aVerne, Julio
_910153
245 _aLa estrella del sur /
260 _aBarcelona :
_bEditorial Molino,
_c1957.
300 _a174 páginas ;
_bIlustraciones,
_c19 cm.
440 _aColección Molino
_926559
505 _aContenido: ¡Ah, cuán terribles con esos franceses! -- En los yacimientos diamantiféros -- La ciencia y la amistad -- Vandergaart Kopje -- Primera explotación -- Costumbres mineras...
650 _aLiteratura juvenil
_91580
650 _aFiccion
_9184
650 _aAventura
_91719
700 _aE. M. (traducción)
_926812
942 _2ddc
_cLIBROS
945 _adavv